00333nam a2200097Ia 4500008004100000041000800041245003300049260000900082999001700091952012700108250129s9999 xx 000 0 und d aeng aEconomics & Political Weekly c2023 c43308d43308 00104070aIMTNbIMTNd2024-05-07hVol No 58 Issue No 27-37 July-Septl0pBV2023093r2025-01-29 00:00:00w2025-01-29yBV